Statistics for Cyprus Regions Quiz

Click here to take the quiz!

General Stats

  • This quiz has been taken 28 times
  • The average score is 4 of 6

Answer Stats

Answer% Correct
Nicosia
95%
Limassol
89%
Larnaca
74%
Paphos
68%
Famagusta
53%
Kyrenia
47%

Score Distribution

Percentile by Number Answered

Percent of People with Each Score

Your Score History

You have not taken this quiz